| 000 | 00978nam a2200229Ia 4500 | ||
|---|---|---|---|
| 003 | Ost | ||
| 005 | 20260507075031.0 | ||
| 008 | 260507s9999||||xx |||||||||||||| ||und|| | ||
| 040 | _cfsecg | ||
| 041 | _aara | ||
| 082 | _a330 | ||
| 100 |
_aعبد العزيز ، سمير محمد _eمؤلف |
||
| 245 | 0 |
_aالجدوى الإقتصادية للمشروعات الإستثمارية وقياس الربحية التجارية والقومية / _c سمير محمد عبد العزيز |
|
| 250 | _aطبعة جديدة | ||
| 260 |
_aالاسكندرية: _bمكتبة الإشعاع الفنية, _c2005 |
||
| 300 |
_a523 صفحة؛ _bإيضاحات ؛ _c24 سم |
||
| 520 | _aالدراسة التفصيلية للربحية التجارية- تحليل الربحية القومية للمشروع- دراسات وحالات تطبيقية | ||
| 653 | _aالإستثمار | ||
| 653 | _aالمشروعات | ||
| 653 | _aدراسة الجدوى | ||
| 942 | _cكتاب | ||
| 999 |
_c42396 _d42396 |
||